Ballistics / (Record no. 8597)
[ view plain ]
| 000 -LEADER | |
|---|---|
| fixed length control field | 01959cam a2200421 a 4500 |
| 001 - CONTROL NUMBER | |
| control field | 13231586 |
| 003 - CONTROL NUMBER IDENTIFIER | |
| control field | SISC |
| 005 - DATE AND TIME OF LATEST TRANSACTION | |
| control field | 20160331124350.0 |
| 008 - FIXED-LENGTH DATA ELEMENTS--GENERAL INFORMATION | |
| fixed length control field | 030609s2004 mnua c 001 0 eng |
| 010 ## - LIBRARY OF CONGRESS CONTROL NUMBER | |
| LC control number | 2003013032 |
| 020 ## - INTERNATIONAL STANDARD BOOK NUMBER | |
| International Standard Book Number | 0736824219 |
| 040 ## - CATALOGING SOURCE | |
| Original cataloging agency | DLC |
| Transcribing agency | DLC |
| Modifying agency | DLC |
| 042 ## - AUTHENTICATION CODE | |
| Authentication code | pcc |
| -- | lcac |
| 050 00 - LIBRARY OF CONGRESS CALL NUMBER | |
| Classification number | HV 8077 |
| Item number | .R65 2004 |
| 082 00 - DEWEY DECIMAL CLASSIFICATION NUMBER | |
| Classification number | HS 363.25 |
| Item number | R65 2004 |
| 100 1# - MAIN ENTRY--PERSONAL NAME | |
| Personal name | Rollins, Barbara B. |
| 9 (RLIN) | 10342 |
| 245 10 - TITLE STATEMENT | |
| Title | Ballistics / |
| Statement of responsibility, etc | Barbara B. Rollins and Michael Dahl ; consultant, Stephanie Eckerman. |
| 260 ## - PUBLICATION, DISTRIBUTION, ETC. (IMPRINT) | |
| Place of publication, distribution, etc | Mankato, Minn. : |
| Name of publisher, distributor, etc | Capstone Press, |
| Date of publication, distribution, etc | c2004. |
| 300 ## - PHYSICAL DESCRIPTION | |
| Extent | 32 p. ; |
| Other physical details | ill. col. ; |
| Dimensions | 24 cm. |
| 440 #0 - SERIES STATEMENT/ADDED ENTRY--TITLE | |
| Title | Edge books, Forensic crime solvers |
| 9 (RLIN) | 10343 |
| 500 ## - GENERAL NOTE | |
| General note | Includes index. |
| 505 0# - FORMATTED CONTENTS NOTE | |
| Formatted contents note | Weapons fired! -- Firearms and ammunition -- Comparing bullets and cartridge cases -- Other firearm evidence. |
| 520 ## - SUMMARY, ETC. | |
| Summary, etc | Describes the science of ballistics, including the types of weapons and ammunition used in crimes, clues guns and bullets leave behind, techniques used by ballistics experts, and how ballistics evidence is used to solve crimes. |
| 562 ## - COPY AND VERSION IDENTIFICATION NOTE | |
| Number of copies | For circulation. One copy available in the collection. |
| 650 #0 - SUBJECT ADDED ENTRY--TOPICAL TERM | |
| Topical term or geographic name as entry element | Forensic ballistics |
| Form subdivision | Juvenile literature. |
| 9 (RLIN) | 10344 |
| 650 #0 - SUBJECT ADDED ENTRY--TOPICAL TERM | |
| Topical term or geographic name as entry element | Criminal investigation |
| Form subdivision | Juvenile literature. |
| 9 (RLIN) | 10345 |
| 650 #0 - SUBJECT ADDED ENTRY--TOPICAL TERM | |
| Topical term or geographic name as entry element | Evidence, Criminal |
| Form subdivision | Juvenile literature. |
| 9 (RLIN) | 10346 |
| 650 #1 - SUBJECT ADDED ENTRY--TOPICAL TERM | |
| Topical term or geographic name as entry element | Ballistics. |
| 9 (RLIN) | 10347 |
| 650 #1 - SUBJECT ADDED ENTRY--TOPICAL TERM | |
| Topical term or geographic name as entry element | Forensic sciences. |
| 9 (RLIN) | 10348 |
| 650 #1 - SUBJECT ADDED ENTRY--TOPICAL TERM | |
| Topical term or geographic name as entry element | Criminal investigation. |
| 9 (RLIN) | 10349 |
| 650 #1 - SUBJECT ADDED ENTRY--TOPICAL TERM | |
| Topical term or geographic name as entry element | Evidence, Criminal. |
| 9 (RLIN) | 10350 |
| 700 1# - ADDED ENTRY--PERSONAL NAME | |
| Personal name | Dahl, Michael. |
| 9 (RLIN) | 10351 |
| 856 41 - ELECTRONIC LOCATION AND ACCESS | |
| Materials specified | Table of contents |
| Uniform Resource Identifier | <a href="http://www.loc.gov/catdir/toc/ecip045/2003013032.html">http://www.loc.gov/catdir/toc/ecip045/2003013032.html</a> |
| 906 ## - LOCAL DATA ELEMENT F, LDF (RLIN) | |
| a | 7 |
| b | cbc |
| c | orignew |
| d | 1 |
| e | ecip |
| f | 20 |
| g | y-gencatlg |
| 942 ## - ADDED ENTRY ELEMENTS (KOHA) | |
| Source of classification or shelving scheme | Library of Congress Classification |
| Koha item type | Books |
| Withdrawn status | Lost status | Source of classification or shelving scheme | Damaged status | Home library | Current library | Shelving location | Date acquired | Total Checkouts | Full call number | Barcode | Date last seen | Copy number | Price effective from | Koha item type |
|---|---|---|---|---|---|---|---|---|---|---|---|---|---|---|
| Library of Congress Classification | Luxembourg Library | Luxembourg Library | High School Section | 08/14/2013 | HV 8077 .R65 2004 | 17250 | 03/31/2016 | 1 | 08/14/2013 | Books |